<?xml version="1.0" encoding="UTF-8"?>
<record
    xmlns:xsi="http://www.w3.org/2001/XMLSchema-instance"
    xsi:schemaLocation="http://www.loc.gov/MARC21/slim http://www.loc.gov/standards/marcxml/schema/MARC21slim.xsd"
    xmlns="http://www.loc.gov/MARC21/slim">

  <leader>01589nab a2200265   4500</leader>
  <controlfield tag="003">AR-RoBPED</controlfield>
  <controlfield tag="005">20260326111904.0</controlfield>
  <controlfield tag="008">260326b        |||||||| |||| 00| 0 spa d</controlfield>
  <datafield tag="040" ind1=" " ind2=" ">
    <subfield code="a">AR-RoBPED</subfield>
  </datafield>
  <datafield tag="041" ind1=" " ind2=" ">
    <subfield code="a">spa</subfield>
  </datafield>
  <datafield tag="100" ind1="1" ind2=" ">
    <subfield code="a">Zabalegui, Mar&#xED;a Fernanda</subfield>
    <subfield code="9">23265</subfield>
    <subfield code="e">Doctora en Ense&#xF1;anza de las Ciencias Naturales</subfield>
  </datafield>
  <datafield tag="245" ind1="1" ind2=" ">
    <subfield code="a">Exploradores y purificadores del agua:</subfield>
    <subfield code="b">una propuesta de articulaci&#xF3;n entre la universidad y el nivel inicial /</subfield>
  </datafield>
  <datafield tag="260" ind1=" " ind2=" ">
    <subfield code="a">Buenos Aires :</subfield>
    <subfield code="b">Noveduc,</subfield>
    <subfield code="c">2025</subfield>
  </datafield>
  <datafield tag="300" ind1=" " ind2=" ">
    <subfield code="a">20-25 p.</subfield>
  </datafield>
  <datafield tag="500" ind1=" " ind2=" ">
    <subfield code="a">Se comparte una propuesta de articulaci&#xF3;n entre la universidad y el nivel Inicial que se enmarca en el enfoque de la ense&#xF1;anza por indagaci&#xF3;n de las Ciencias Naturales. Se inici&#xF3; con una visita al Balneario Municipal de la ciudad, a partir de la cual se planific&#xF3; un taller para acercar a los ni&#xF1;os a las Ciencias Naturales y, con ello, a las competencias o habilidades propias del pensamiento cient&#xED;fico. Esta propuesta posibilit&#xF3;, adem&#xE1;s, poner a prueba los modelos actuales de ense&#xF1;anza que se promueven en la formaci&#xF3;n docente. </subfield>
  </datafield>
  <datafield tag="650" ind1=" " ind2="7">
    <subfield code="a">NIVEL INICIAL</subfield>
    <subfield code="9">1213</subfield>
  </datafield>
  <datafield tag="650" ind1=" " ind2="0">
    <subfield code="a">PRACTICA PROFESIONAL DOCENTE</subfield>
    <subfield code="9">23734</subfield>
  </datafield>
  <datafield tag="650" ind1=" " ind2="7">
    <subfield code="a">APRENDIZAJE</subfield>
    <subfield code="9">560</subfield>
  </datafield>
  <datafield tag="650" ind1=" " ind2="7">
    <subfield code="a">CIENCIAS NATURALES</subfield>
    <subfield code="9">535</subfield>
  </datafield>
  <datafield tag="700" ind1="1" ind2=" ">
    <subfield code="a">D&#xED;az, Fabricio H&#xE9;ctor</subfield>
    <subfield code="9">30653</subfield>
    <subfield code="e">Profesor en Biolog&#xED;a </subfield>
  </datafield>
  <datafield tag="700" ind1="1" ind2=" ">
    <subfield code="a">M&#xE1;rquez, Graciela </subfield>
    <subfield code="9">30654</subfield>
    <subfield code="e">Profesora en Educaci&#xF3;n Especial</subfield>
  </datafield>
  <datafield tag="773" ind1="0" ind2=" ">
    <subfield code="0">20414</subfield>
    <subfield code="9">41863</subfield>
    <subfield code="d">Buenos Aires :  Noveduc,  1993-</subfield>
    <subfield code="t">Novedades Educativas</subfield>
    <subfield code="w">(AR-RoBPED)20414</subfield>
    <subfield code="x">03283534</subfield>
  </datafield>
  <datafield tag="942" ind1=" " ind2=" ">
    <subfield code="2">udc</subfield>
    <subfield code="c">REV</subfield>
    <subfield code="h">37(05)</subfield>
    <subfield code="m">Nov 86 N&#xB0; 403 (Ago.2025)</subfield>
    <subfield code="a">k.32469</subfield>
  </datafield>
  <datafield tag="945" ind1=" " ind2=" ">
    <subfield code="a">mar 03/2026</subfield>
  </datafield>
  <datafield tag="999" ind1=" " ind2=" ">
    <subfield code="c">32469</subfield>
    <subfield code="d">32469</subfield>
  </datafield>
</record>
